MARC

Tag First Indicator Second Indicator Subfields
LEADER 00000nam a2200000 4500
001 in00004340539
005 20200812100335.0
006 m g d
007 cr bn |||a|bb|
008 860120s1642 enk o 00| | eng d
035 |a (UnM)99860188 
037 |a CL0051000001  |b ProQuest Information and Learning. 300 N. Zeeb Rd., Ann Arbor, MI 48106 
040 |a Cu-RivES  |c Cu-RivES  |d CStRLIN  |e dcrb  |d WaOLN 
100 1 |a Wright, Robert,  |d 1560-1643. 
245 1 2 |a A speech spoken in the House of Commons, /  |c by the Reverend Father in God, Robert, L. Bishop of Coventry and Lichfield. Being brought to the barre to answer for himselfe. 
260 |a London :  |b Printed by R. B. for Richard Lownds, and are to be sold at his Shop without Ludgate,  |c 1641. [id est 1642] 
300 |a 1 online resource ([2], 4 pages) 
336 |a text  |b txt  |2 rdacontent 
337 |a computer  |b c  |2 rdamedia 
338 |a online resource  |b cr  |2 rdacarrier 
500 |a Reproduction of the original in the British Library. 
510 4 |a Wing (2nd edition)  |c W3707. 
510 4 |a Thomason  |c E.200[2]. 
533 |a Electronic reproduction.  |b Ann Arbor, Mich. :  |c UMI,  |d 1999-  |f (Early English books online)  |n Digital version of: (Thomason Tracts ; 35:E200[2])  |7 s1999 miun s 
600 1 0 |a Wright, Robert,  |d 1560-1643. 
650 0 |a Speeches, addresses, etc., English  |v Early works to 1800. 
651 4 |a Great Britain  |x History  |y Charles I, 1625-1649  |v Sources  |v Early works to 1800. 
830 0 |a Early English books online. 
856 4 0 |u http://proxy.library.tamu.edu/login?url=https://search.proquest.com/docview/2248509288  |z Connect to the full text of this electronic book  |t 0 
999 f f |s 45fac7e1-be81-3caa-81ee-76c95c3cb8bf  |i 0ce589ee-f8fa-34dd-b2e1-723d29d64dd1  |t 0 
952 f f |a Texas A&M University  |b College Station  |c Electronic Resources  |d Available Online  |t 0  |h No information provided 
998 f f |t 0  |l Available Online